000 00715nam a22002417a 4500
999 _c15989
_d15989
003 AR-CdUCM
008 190430b ||||| |||| 00| 0 spa d
040 _aMUNICIPALIDAD PROVINCIAL DEL CUSCO
_cBIBLIOTECA MUNICIPAL DEL CUSCO
041 _hfr.
082 _a843 /
_bG79
100 _aGreen, Julien
_911003
245 _aSi yo fuera usted ... /
260 _aBuenos Aires :
_bEmecé Editores,
_c1950.
300 _a265 paginas ;
_c19 cm.
440 _aGrandes Novelistas
_935252
505 _aContenido :Novela /
650 _aLiteratura francesa
_9913
650 _aNovelas
_9218
650 _aSiglo XX
_98
700 _aMateo, Abel (traductor)
_935253
942 _2ddc
_cLIBROS
945 _arjall
_d2019-04-30